Library Banner

رااور سی آئی اے (Record no. 71932)

MARC details
000 -LEADER
fixed length control field 00435nam a22001577a 4500
005 - DATE AND TIME OF LATEST TRANSACTION
control field 20150515110847.0
008 - FIXED-LENGTH DATA ELEMENTS--GENERAL INFORMATION
fixed length control field 150515b xxu||||| |||| 00| 0 eng d
040 ## - CATALOGING SOURCE
Transcribing agency PK-LaUMT
082 ## - DEWEY DECIMAL CLASSIFICATION NUMBER
Classification number KHC 954.9205
Item number MAS-R
100 ## - MAIN ENTRY--PERSONAL NAME
Personal name مسعودالحق
245 ## - TITLE STATEMENT
Title رااور سی آئی اے
Statement of responsibility, etc مسعودالحق
260 ## - PUBLICATION, DISTRIBUTION, ETC. (IMPRINT)
Place of publication, distribution, etc لاہور
Name of publisher, distributor, etc گوتم پبلشرز
300 ## - PHYSICAL DESCRIPTION
Extent 224 ص
700 ## - ADDED ENTRY--PERSONAL NAME
Personal name میزان علی (مترجم
942 ## - ADDED ENTRY ELEMENTS (KOHA)
Koha item type Books
Holdings
Withdrawn status Lost status Damaged status Home library Current library Date acquired Full call number Barcode Date last seen Price effective from Koha item type
      UMT Main Campus UMT Main Campus 2015-05-15 KHC 954.9205 MAS-R 71042 2015-05-15 2015-05-15 Books